01176cam a22003255a 4500001001000000003000400010005001700014008004100031020001800072020001800090020001500108020001500123040004000138082001700178245011100195250002400306260005100330300003600381500002000417650002900437650005600466650004100522651001000563653002500573690004400598700003000642942000800672999001700680952015300697016199041OSt20201128024035.0121029t2014 enka fr 001 0 eng d a9780273777809 a9781783650392 a0273777807 a1783650397 aStDuBDSbengcStDuBDSdUkdEG-ScBUE04a657222bFIN00aFinancial accounting :binternational financial reporting standards /cWalter T. Harrison Jr. ... [et al.] a9th ed., Global ed. aHarlow :bPearson Education Limited, cc.2014. axxxiv, 850 p. :bill. ;c28 cm. aIncludes index. 7aAccounting.2BUEsh99036 7aAccounting2BUEsh920832xProblems, exercises, etc. 7aAccountingxStandards.2BUEsh936586 2BUEsh bBUSECOcDecember20167 aManagement and Business Studies2blcoll1 aHarrison, Walter T.91456 2ddc c23444d23416 00102ddc40708BaccahaMAINbMAINc1STd2016-12-04ePurchaseg456.00h25140l1m2o657 FINp000040259r2025-07-15 00:00:00s2020-02-19v570.00yBB